[Event "Challenge"]
[Site "http://www.queenalice.com/game.php?id=754258"]
[Date "2010.3.31"]
[Round "-"]
[White "pirate9"]
[Black "kamarof"]
[Result "1-0"]
[WhiteElo "1658"]
[BlackElo "1740"]

1. d4 Nf6 2. c4 g6 3. Nc3 Bg7 4. Nf3 d6 5. e4 O-O 6. Be2 e5 7. O-O Nc6 8. d5 Ne7
9. b4 a5 10. Qb3 Kh8 11. c5 Ne8 12. Rb1 f5 13. Ne1 f4 14. Ba3 Rf7 15. bxa5 Rxa5
16. Bb4 Ra8 17. Nb5 Bf8 18. Nf3 h6 19. Rfc1 g5 20. Nxe5 dxe5 21. d6 Rf6 22. dxe7
Qxe7 23. c6 Qg7 24. Bxf8 Rxf8 25. Nxc7 f3 26. Bxf3 g4 27. Be2 Qf6 28. f3 gxf3
29. Bxf3 b5 30. Nxa8 Nd6 31. Nb6 Qg5 32. Nxc8 Rxc8 33. Qe6 1-0

[Event "Challenge"]
[Site "http://www.queenalice.com/game.php?id=754259"]
[Date "2010.3.31"]
[Round "-"]
[White "kamarof"]
[Black "pirate9"]
[Result "1/2-1/2"]
[WhiteElo "1818"]
[BlackElo "1779"]

1. e4 e6 2. d4 d5 3. Nc3 Bb4 4. Bd2 Bxc3 5. Bxc3 dxe4 6. Qg4 Nf6 7. Qxg7 Rg8 8.
Qh6 Nc6 9. Ne2 Rg6 10. Qe3 Nd5 11. Qxe4 Bd7 12. Nf4 Nxf4 13. Qxf4 Ne7 14. Qh4
Bc6 15. Qxh7 Qd6 16. O-O-O Qf4+ 17. Kb1 O-O-O 18. g3 Qxf2 19. Bd3 Bxh1 20. Rxh1
Rgg8 21. Rf1 Qg2 22. Qxf7 Rgf8 23. Qxe6+ Kb8 24. Rd1 Nc6 25. Be4 Qxh2 26. Qb3
Rd6 27. d5 Nd8 28. Be5 Qe2 29. Qd3 Qxd3 30. cxd3 Rd7 31. Kc2 Rf2+ 32. Kb3 Nf7
33. Rh1 Rd8 34. Bf4 Kc8 35. Bf5+ Kb8 36. Be6 Nd6 37. a4 Rf3 38. Kc2 Nc8 39. Rh7
Rf2+ 40. Kb3 Nd6 41. Kc3 Rf3 42. b3 Ne4+ 43. Kd4 Nd6 44. Bg5 Rdf8 45. Bh4 Nf5+
46. Kc4 Nxg3 47. Bxg3 Rxg3 48. Rh4 a6 49. Bd7 Rff3 50. Rd4 Rg1 51. Kb4 Rc1 52.
Be8 Rf6 53. a5 Rd6 54. Rc4 Rxc4+ 55. dxc4 Kc8 56. Kc5 Kd8 57. Ba4 Kc8 58. b4 Kb8
59. Be8 Kc8 60. Ba4 Kb8 61. Kd4 b6 62. c5 Rh6 63. Bc2 Rh4+ 64. Be4 Kc8 65. cxb6
cxb6 66. axb6 Kb7 67. d6+ Kxb6 68. Ke5 Rh5+ 69. Kf6 Rh6+ 70. Ke7 Rxd6 1/2-1/2

[Event "AUTO-OPEN-1931"]
[Site "http://www.queenalice.com/game.php?id=754284"]
[Date "2010.3.31"]
[Round "1"]
[White "naike"]
[Black "pirate9"]
[Result "0-1"]
[WhiteElo "1467"]
[BlackElo "1785"]

1. d4 e6 2. c4 Nf6 3. Bg5 c5 4. e3 cxd4 5. exd4 Be7 6. Nc3 d5 7. Nf3 O-O 8. cxd5
Nxd5 9. Nxd5 exd5 10. Bxe7 Qxe7+ 11. Qe2 Re8 12. Qxe7 Rxe7+ 13. Be2 Bf5 14. Kd2
Nc6 15. Rhe1 Rae8 0-1

[Event "AUTO-OPEN-1931"]
[Site "http://www.queenalice.com/game.php?id=754285"]
[Date "2010.3.31"]
[Round "1"]
[White "pirate9"]
[Black "naike"]
[Result "1-0"]
[WhiteElo "1797"]
[BlackElo "1467"]

1. d4 d5 2. c4 c6 3. Nc3 Nf6 4. Nf3 Bf5 5. Bf4 e6 6. e3 Bb4 7. a3 Ba5 8. Be2
dxc4 9. Bxc4 Ne4 10. Rc1 Nd7 11. O-O Nxc3 12. bxc3 O-O 13. Re1 Nb6 14. Bb3 1-0

[Event "AUTO-OPEN-1931"]
[Site "http://www.queenalice.com/game.php?id=754312"]
[Date "2010.3.31"]
[Round "1"]
[White "rodriw02"]
[Black "pirate9"]
[Result "0-1"]
[WhiteElo "1355"]
[BlackElo "1610"]

1. e4 e6 2. Nf3 d5 3. Ne5 dxe4 4. Qh5 g6 5. Qe2 Qd4 6. Nc4 Nf6 7. c3 Qd5 8. b4
Bg7 9. Ne3 Qd6 10. Nc4 Qe7 11. Ba3 Bd7 12. b5 Qd8 13. Ne5 c6 14. bxc6 Nxc6 15.
Nxd7 Qxd7 16. d4 exd3 17. Qb2 Ne4 18. f3 d2+ 19. Nxd2 Bxc3 20. Qc2 Bxd2+ 21. Ke2
Nd4+ 22. Kd1 Nxc2 23. Kxc2 Qa4+ 24. Kb2 Bc3+ 25. Kb1 O-O-O 26. Be2 Nd2+ 27. Kc1
Qxa3+ 28. Kc2 Qb2+ 29. Kd1 Nxf3+ 30. Bd3 Rxd3# 0-1

[Event "AUTO-OPEN-1931"]
[Site "http://www.queenalice.com/game.php?id=754313"]
[Date "2010.3.31"]
[Round "1"]
[White "pirate9"]
[Black "rodriw02"]
[Result "1-0"]
[WhiteElo "1779"]
[BlackElo "1337"]

1. d4 d5 2. c4 dxc4 3. e3 e6 4. Bxc4 Qe7 5. b3 Nc6 6. Ba3 Nb4 7. Nf3 Nf6 8. O-O
Ng4 9. Nc3 b6 10. d5 e5 11. Nb5 e4 12. Nfd4 Qh4 13. h3 Nf6 14. Nxc7+ Kd8 15.
Nxa8 Bc5 16. Bxb4 Bxb4 17. Nc6+ Ke8 18. Nxb4 Qg5 19. Bb5+ Kf8 20. Nc6 Bxh3 21.
g3 g6 22. Qd4 Qf5 23. Be2 h5 24. Qe5 Qxe5 25. Nxe5 h4 26. Rfc1 Rg8 27. Rc8+ Bxc8
28. Rc1 Bb7 29. Nc7 hxg3 30. fxg3 Ng4 31. Bxg4 Bxd5 32. Nxd5 f6 33. Rc8+ Kg7 34.
Rxg8+ Kxg8 35. Nxf6+ Kg7 36. Nfd7 b5 37. b4 g5 38. Bf5 a5 39. bxa5 b4 40. a6 g4
41. a7 Kh6 42. a8=Q b3 43. Qh8+ Kg5 44. Qf6+ Kh5 45. Qg6# 1-0

[Event "AUTO-OPEN-1931"]
[Site "http://www.queenalice.com/game.php?id=754331"]
[Date "2010.3.31"]
[Round "1"]
[White "pirate9"]
[Black "guicardoso"]
[Result "1-0"]
[WhiteElo "1500"]
[BlackElo "1319"]

1. d4 Nf6 2. c4 e6 3. Nc3 Bb4 4. Qc2 Nc6 5. Nf3 d5 6. e3 Ne4 7. Bd2 Na5 8. Nxe4
dxe4 9. Bxb4 Nc6 10. Ne5 Nxb4 11. Qa4+ c6 12. Qxb4 f6 13. Ng4 h5 14. Be2 hxg4
15. Bxg4 f5 16. Be2 a5 17. Qc3 Qg5 18. g3 b6 19. d5 cxd5 20. cxd5 exd5 21. Qc6+
1-0

[Event "AUTO-OPEN-1931"]
[Site "http://www.queenalice.com/game.php?id=796897"]
[Date "2010.6.30"]
[Round "2"]
[White "pirate9"]
[Black "Pagano"]
[Result "1-0"]
[WhiteElo "1843"]
[BlackElo "2060"]

1. d4 d5 2. c4 c6 3. Nc3 Nf6 4. Bg5 dxc4 5. e4 b5 6. Bxf6 exf6 7. d5 cxd5 8.
Qxd5 Qxd5 9. Nxd5 Bd6 10. O-O-O Kd7 11. g3 Bb7 12. Bh3+ Kc6 13. Nf3 Na6 14. a3
Nc5 15. Nd4# 1-0

[Event "AUTO-OPEN-1931"]
[Site "http://www.queenalice.com/game.php?id=796898"]
[Date "2010.6.30"]
[Round "2"]
[White "Pagano"]
[Black "pirate9"]
[Result "1-0"]
[WhiteElo "2107"]
[BlackElo "1944"]

1. f4 d5 2. Nf3 c5 3. b3 Nf6 4. Bb2 Nc6 5. e3 g6 6. Bb5 Bd7 7. Bxc6 Bxc6 8. g4
d4 9. g5 Bxf3 10. Qxf3 Qd5 11. O-O Qxf3 12. Rxf3 Nd5 13. exd4 Bg7 14. Nc3 Nxc3
15. dxc3 Rc8 16. d5 O-O 17. Re1 Rfe8 18. Ba3 Kf8 19. Kg2 Red8 20. Rd1 b6 21. h4
Rc7 22. h5 c4 23. d6 exd6 24. Rxd6 Rxd6 25. Bxd6+ Re7 26. Re3 1-0

[Event "AUTO-OPEN-1931"]
[Site "http://www.queenalice.com/game.php?id=796899"]
[Date "2010.6.30"]
[Round "2"]
[White "pirate9"]
[Black "Lopesq"]
[Result "1-0"]
[WhiteElo "1806"]
[BlackElo "1743"]

1. d4 d5 2. c4 Bf5 3. Nc3 e6 4. Nf3 c6 5. Qb3 Qc7 6. Bf4 Qc8 7. Nh4 Bg6 8. Nxg6
fxg6 9. e4 Nd7 10. cxd5 cxd5 11. exd5 Nb6 12. Bb5+ Kd8 13. O-O Nf6 14. Rac1 exd5
15. Nxd5 Qf5 16. Bc7+ 1-0

[Event "AUTO-OPEN-1931"]
[Site "http://www.queenalice.com/game.php?id=796900"]
[Date "2010.6.30"]
[Round "2"]
[White "Lopesq"]
[Black "pirate9"]
[Result "0-1"]
[WhiteElo "1771"]
[BlackElo "1924"]

1. d4 e6 2. e4 d5 3. e5 c5 4. Nf3 Nc6 5. c3 Qb6 6. Nbd2 cxd4 7. a4 dxc3 8. bxc3
Bc5 9. Qe2 Nge7 10. Ba3 Bxa3 11. Qb5 Bc5 12. Qxb6 Bxb6 13. Bb5 O-O 14. O-O Ng6
15. Bxc6 bxc6 16. a5 Bc7 17. Rfe1 Rb8 18. g3 Rb5 19. a6 Ra5 20. Nb3 Rxa1 21.
Rxa1 Nxe5 22. Nbd2 Nxf3+ 23. Nxf3 Bd7 24. Nd4 c5 25. Nc2 Be5 26. Ra3 Rb8 27. Ne3
Rb6 28. Ng4 Bd6 29. Kg2 Bc6 30. Kh3 Bb5 31. Ne3 Rxa6 32. Rb3 Rb6 33. Ra3 a6 34.
g4 c4 35. Kh4 Bxa3 36. h3 Bc1 37. Nd1 g5+ 38. Kg3 Bf4+ 39. Kg2 Bc6 40. Kf1 d4
41. cxd4 Bf3 42. Nc3 Rb3 0-1

[Event "Challenge"]
[Site "http://www.queenalice.com/game.php?id=799448"]
[Date "2010.7.6"]
[Round "-"]
[White "ZUMBI"]
[Black "pirate9"]
[Result "0-1"]
[WhiteElo "1953"]
[BlackElo "1987"]

1. e4 e6 2. Nf3 d5 3. Nc3 d4 4. Nb5 c5 5. d3 Qa5+ 6. Nc3 dxc3 7. b3 Nf6 8. d4
cxd4 9. Qxd4 Nc6 10. Qa4 Qxa4 11. bxa4 Bd7 12. e5 Nd5 13. Bc4 Be7 14. O-O O-O
15. Bg5 Bxg5 16. Nxg5 Nxe5 17. Rfe1 Nxc4 18. h4 Nb2 19. a5 Nc4 20. Re4 Nxa5 21.
Re5 Nc4 22. Re4 Nd2 23. Rd4 h6 24. Ne4 Nxe4 25. Rxe4 Bc6 26. a4 Rfd8 27. a5 Rd7
28. g4 Nf6 29. Rc4 Rad8 30. a6 Rd1+ 31. Rxd1 Rxd1+ 32. Kh2 Rh1+ 33. Kg3 Ne4+ 34.
Kf4 g5+ 35. hxg5 hxg5+ 36. Ke5 Re1 37. Kd4 e5+ 38. Kxe5 Nd2+ 39. Kd4 Nxc4 40.
Kxc4 Re4+ 41. Kxc3 Rxg4 42. Kd2 b5 43. Ke3 Rc4 44. Kd3 Be4+ 45. Ke3 f5 46. f3
Rc3+ 47. Kd2 Rxf3 48. Ke2 g4 49. c4 g3 50. cxb5 g2 51. b6 g1=Q 52. b7 Qg2+ 53.
Kd1 Rf1# 0-1

[Event "Challenge"]
[Site "http://www.queenalice.com/game.php?id=799449"]
[Date "2010.7.6"]
[Round "-"]
[White "ZUMBI"]
[Black "pirate9"]
[Result "0-1"]
[WhiteElo "1937"]
[BlackElo "1943"]

1. e4 e6 2. d4 d5 3. Nc3 Bb4 4. Bd2 dxe4 5. Nxe4 Qxd4 6. Ng3 Qxd2+ 7. Qxd2 Bxd2+
8. Kxd2 Nf6 9. Rd1 Nc6 10. Kc1 Bd7 11. Nf3 O-O-O 12. Bb5 a6 13. Ba4 Ne7 14.
Bxd7+ Rxd7 15. Ne5 Rxd1+ 16. Rxd1 Rf8 17. a4 Ng6 18. Nxg6 hxg6 19. h4 Rd8 20.
Rxd8+ Kxd8 21. f4 Nh5 22. Nxh5 gxh5 23. b4 b5 24. axb5 axb5 25. Kd2 Ke7 26. Kd3
Kd6 27. Kd4 f6 28. c4 e5+ 29. fxe5+ fxe5+ 30. Ke4 bxc4 31. b5 Kc5 32. Kxe5 c3
33. Ke6 c2 34. Kf7 c1=Q 35. Kxg7 Qg1 36. Kh6 Qxg2 37. Kxh5 Kd5 38. Kh6 Ke6 39.
h5 Kf7 40. Kh7 Qg7# 0-1

[Event "Challenge"]
[Site "http://www.queenalice.com/game.php?id=799450"]
[Date "2010.7.6"]
[Round "-"]
[White "pirate9"]
[Black "ZUMBI"]
[Result "1-0"]
[WhiteElo "1905"]
[BlackElo "1937"]

1. d4 d5 2. c4 Nc6 3. cxd5 Qxd5 4. e3 Nf6 5. Nc3 Qa5 6. Bb5 Bd7 7. Bd2 a6 8. Nd5
Qxb5 9. Nxc7+ Kd8 10. Nxb5 axb5 11. Nf3 Bg4 12. h3 Bh5 13. O-O e5 14. g4 Bg6 15.
Nxe5 Nxe5 16. dxe5 Ne4 17. Bb4+ Ke8 18. Qd5 Bxb4 19. Qxb5+ Kf8 20. Qxb4+ Kg8 21.
Qxb7 Re8 22. Rac1 h5 23. Rc8 Kh7 24. Rxe8 Rxe8 25. gxh5 Bf5 26. Qxf7 Bxh3 27.
Qg6+ Kh8 28. Qxe8+ Kh7 29. Qg6+ Kg8 30. Rd1 1-0

[Event "Challenge"]
[Site "http://www.queenalice.com/game.php?id=799451"]
[Date "2010.7.6"]
[Round "-"]
[White "pirate9"]
[Black "ZUMBI"]
[Result "1-0"]
[WhiteElo "1966"]
[BlackElo "1937"]

1. d4 d5 2. Nf3 Nf6 3. c4 Nc6 4. cxd5 Qxd5 5. Nc3 Qa5 6. Bd2 Qh5 7. e3 Bg4 8.
Be2 O-O-O 9. h3 Be6 10. Ne5 Qh4 11. g3 Qh6 12. e4 g5 13. d5 Bxd5 14. exd5 Nxd5
15. Nxf7 Nxc3 16. Nxh6 Nxd1 17. Nf7 Bg7 18. Rxd1 Bd4 19. Nxh8 Rxh8 20. Bxg5 Bxb2
21. Bg4+ Kb8 22. O-O Bf6 23. Bxf6 exf6 24. Bf3 a5 25. Rb1 Nd4 26. Rxb7+ Kc8 27.
Bg2 h5 28. Rfb1 Rd8 29. Rb8+ Kd7 30. Rxd8+ Kxd8 31. Rd1 c5 32. Kf1 Kc7 33. Ke1
Kd6 34. Kd2 Kc7 35. Kc3 Nb5+ 36. Kc4 Na3+ 37. Kxc5 Nc2 38. Rc1 Na3 39. Be4 Kd7
40. Rc3 h4 41. Rxa3 hxg3 42. fxg3 Ke6 43. Kd4 a4 44. Rxa4 f5 45. Ra6+ Kf7 46.
Bxf5 1-0

[Event "Challenge"]
[Site "http://www.queenalice.com/game.php?id=801901"]
[Date "2010.7.11"]
[Round "-"]
[White "GM_Maicon_2851"]
[Black "pirate9"]
[Result "1-0"]
[WhiteElo "1500"]
[BlackElo "1943"]

1. c4 Nf6 2. Nc3 g6 3. Nf3 Bg7 4. d4 O-O 5. e4 d6 6. Be2 e5 7. O-O Nc6 8. d5 Ne7
9. b4 Nd7 10. c5 dxc5 11. bxc5 Nxc5 12. Ba3 Nd7 13. Nb5 Re8 14. d6 cxd6 15. Nxd6
Rf8 16. Ng5 h6 17. Ngxf7 Rxf7 18. Qb3 Qf8 19. Nxf7 Qxf7 20. Bc4 1-0

[Event "AUTO-OPEN-1931"]
[Site "http://www.queenalice.com/game.php?id=814553"]
[Date "2010.8.7"]
[Round "3"]
[White "Pagano"]
[Black "pirate9"]
[Result "1-0"]
[WhiteElo "1980"]
[BlackElo "1948"]

1. f4 d5 2. Nf3 g6 3. g3 Bg7 4. Bg2 Nf6 5. O-O O-O 6. d3 c5 7. Qe1 Bg4 8. Nbd2
Nc6 9. e4 dxe4 10. dxe4 Nd4 11. Nxd4 Qxd4+ 12. Kh1 Rad8 13. e5 Nd5 14. c3 Qa4
15. Ne4 b6 16. Bd2 Rd7 17. h3 Bf5 18. g4 Bxe4 19. Bxe4 Rfd8 20. b3 Qa6 21. Bxd5
1-0

[Event "AUTO-OPEN-1931"]
[Site "http://www.queenalice.com/game.php?id=814554"]
[Date "2010.8.7"]
[Round "3"]
[White "pirate9"]
[Black "Pagano"]
[Result "0-1"]
[WhiteElo "1932"]
[BlackElo "1994"]

1. d4 d5 2. c4 c6 3. Nc3 dxc4 4. e4 b5 5. a4 b4 6. Na2 e5 7. Nf3 exd4 8. Qxd4
Qxd4 9. Nxd4 b3 10. Nc3 Bc5 11. Be3 Ba6 12. e5 Bb4 13. Rc1 Ne7 14. Bd2 O-O 15.
Be2 Nd7 16. f4 c5 17. Nxb3 Bb7 18. Bxc4 Bxg2 19. Rg1 Bh3 20. Rg3 Bf5 21. Nd5
Bxd2+ 22. Kxd2 Nxd5 23. Bxd5 Rab8 0-1

[Event "AUTO-OPEN-1931"]
[Site "http://www.queenalice.com/game.php?id=814559"]
[Date "2010.8.7"]
[Round "3"]
[White "pirate9"]
[Black "farnoud13"]
[Result "0-1"]
[WhiteElo "1964"]
[BlackElo "2015"]

1. d4 d5 2. c4 Nf6 3. cxd5 Qxd5 4. Nc3 Qa5 5. Bd2 c6 6. e4 Qc7 7. Rc1 Bg4 8. f3
Bh5 9. e5 Nfd7 10. Bb5 a6 11. Qa4 Nb6 12. Qb3 axb5 13. Nxb5 Qd8 0-1

[Event "AUTO-OPEN-1931"]
[Site "http://www.queenalice.com/game.php?id=814560"]
[Date "2010.8.7"]
[Round "3"]
[White "farnoud13"]
[Black "pirate9"]
[Result "1-0"]
[WhiteElo "1984"]
[BlackElo "1918"]

1. e4 e6 2. d4 d5 3. exd5 exd5 4. Bd3 Nf6 5. Nf3 Bd6 6. O-O O-O 7. Bg5 Bg4 8. h3
Bh5 9. Nc3 c6 10. Re1 Nbd7 11. Bf5 Qc7 12. Kh1 Rae8 13. Qd3 Bxf3 14. Qxf3 h6 15.
Be3 Bb4 16. Bxd7 Qxd7 17. Bxh6 Bxc3 18. bxc3 1-0

[Event "AUTO-OPEN-1931"]
[Site "http://www.queenalice.com/game.php?id=814561"]
[Date "2010.8.7"]
[Round "3"]
[White "pirate9"]
[Black "Blutigeroo"]
[Result "0-1"]
[WhiteElo "1986"]
[BlackElo "1928"]

1. d4 d5 2. c4 dxc4 3. e3 Nf6 4. Bxc4 e6 5. Nf3 Bd6 6. Nc3 O-O 7. O-O b6 8. e4
Be7 9. Qc2 Bb7 10. Bd3 Nfd7 11. e5 g6 12. Bh6 Re8 13. d5 Bf8 14. Bxf8 Kxf8 15.
d6 Bxf3 16. gxf3 cxd6 17. exd6 Nc6 18. Nb5 Qg5+ 19. Kh1 Rac8 20. Nc7 Nce5 21.
Qe2 Qf4 22. Be4 Red8 23. Rac1 Nc5 24. Rfd1 Nxe4 25. Qxe4 Qxf3+ 26. Qxf3 Nxf3 27.
d7 Rb8 28. Na6 Rb7 29. Rc8 Ke7 30. Nc7 Ne5 31. Nb5 Rdxd7 32. Rxd7+ Rxd7 33. Nc3
Nd3 0-1

[Event "AUTO-OPEN-1931"]
[Site "http://www.queenalice.com/game.php?id=814562"]
[Date "2010.8.7"]
[Round "3"]
[White "Blutigeroo"]
[Black "pirate9"]
[Result "1-0"]
[WhiteElo "1993"]
[BlackElo "2006"]

1. e4 e6 2. d4 d5 3. Nc3 Bb4 4. e5 c5 5. Nf3 cxd4 6. Nxd4 Qc7 7. Bf4 Bxc3+ 8.
bxc3 Qxc3+ 9. Ke2 b6 10. f3 Nc6 11. Nxc6 Qc4+ 12. Kf2 Qxf4 13. Qd4 Qxd4+ 14.
Nxd4 Ne7 15. a4 Bd7 16. a5 bxa5 17. Rxa5 Nc6 18. Nxc6 Bxc6 19. Bd3 O-O 20. Rha1
g6 21. Rxa7 Rxa7 22. Rxa7 Rb8 23. Ra2 Bb5 24. Rb2 Bxd3 25. Rxb8+ Kg7 26. cxd3
1-0